| 000 | 01347cam a22003495i 4500 | ||
|---|---|---|---|
| 999 |
_c28842 _d28813 |
||
| 001 | 15188659 | ||
| 003 | EG-ScBUE | ||
| 005 | 20200927113416.0 | ||
| 008 | 981020t19981998fr a f b 000 0 eng d | ||
| 020 | _a9789264161399 | ||
| 040 |
_aCtY _beng _erda _cCtY _dEG-ScBUE |
||
| 082 | 0 | 4 |
_a658.11 _bFOS _222 |
| 245 | 0 | 0 |
_aFostering entrepreneurship / _cOrganisation for Economic Co-operation and Development. |
| 264 | 1 |
_aParis : _bOrganisation for Economic Co-operation and Development, _c[1998] |
|
| 264 | 4 | _cc1998 | |
| 300 |
_a286 pages : _billustrations ; _c24 cm. |
||
| 336 |
_atext _btxt _2rdacontent |
||
| 337 |
_aunmediated _bn _2rdamedia |
||
| 338 |
_avolume _bnc _2rdacarrier |
||
| 490 | 0 | _aOECD jobs strategy | |
| 504 | _aIncludes bibliographical references. | ||
| 590 | _aTemporary access is available to the Yale community. | ||
| 650 | 7 |
_aNew business enterprises _zOECD countries. _2BUEsh |
|
| 650 | 7 |
_aNew business enterprises _xGovernment policy _zOECD countries. _2BUEsh |
|
| 650 | 7 |
_aEntrepreneurship _zOECD countries. _2BUEsh |
|
| 650 | 7 |
_aEntrepreneurship _xGovernment policy _zOECD countries. _2BUEsh |
|
| 653 |
_bBUSADM _cSeptember2020 |
||
| 710 | 2 | _aOrganisation for Economic Co-operation and Development. | |
| 730 | 0 | _aInternet Archive Controlled Digital Lending. | |
| 942 |
_2ddc _cBB |
||
| 946 | _aDO NOT EDIT. DO NOT EXPORT. | ||